000 00257nam a22001097a 4500
008 170116b xxu||||| |||| 00| 0 eng d
020 _a9780323069991
041 _aeng
080 _24TH
_a618.2
245 _aGERONTOLOGIC NURSING
_cMEINER, S.R
942 _2udc
_cBK
999 _c2975
_d2975